| 000 | 01470nam a2200361 i 4500 | ||
|---|---|---|---|
| 001 | 196153 | ||
| 003 | ES-MaACL | ||
| 005 | 20260201183407.0 | ||
| 008 | 240816s2012 sp | |||| 000 j spa | ||
| 015 | _aMON12 | ||
| 017 |
_aM 37473-2012 _bOficina Depósito Legal Madrid |
||
| 020 | _a9788493909833 | ||
| 035 | _a(OCoLC)864166721 | ||
| 035 | _a(SpMaBN)a5338175 | ||
| 035 | _a991040303019708606 | ||
| 040 |
_aSpMaBN _bspa _cSpMaBN _erdc |
||
| 080 | _a821.134.2-32"19" | ||
| 100 |
_aAlvite, José Luis, _d1949-2015 _9237245 _eaut |
||
| 245 | 1 | 0 |
_aLilas en un prado negro / _cJosé Luis Alvite, prólogo de Santiago González, epílogo de J. M. Amilibia. |
| 260 |
_aMadrid : _bÉzaro, _cD.L. 2012. |
||
| 300 |
_a288 p. : _c24 cm. |
||
| 336 |
_aTexto (visual) _2isbdcontent |
||
| 337 |
_asin mediación _2isbdmedia |
||
| 338 |
_2rdacarrier _avolumen |
||
| 520 | _aAquí se trata del psiquiátrico San Antón de Restande, un lugar deudor del opaco esplendor de los tiempos pasados, de cuando los hospitales psiquiátricos se llamaban manicomios. | ||
| 700 | 0 |
_958382 _aGonzález, Santiago _eaui |
|
| 700 | 0 |
_aAmilibia, Eustasio de _eaud _921252 |
|
| 852 |
_aES-MaACL _bR.153195 _cDEPOJ _jN-9220 _hDonación: Editorial _xEncuadernación rústica con solapas _9205169 |
||
| 942 |
_cMONOGRAFIA _n0 |
||
| 999 |
_c196153 _d196153 |
||